| 000 | 00401nam a2200157Ia 4500 | ||
|---|---|---|---|
| 008 | 220216s9999 xx 000 0 und d | ||
| 100 | _aHamilton James R | ||
| 245 | 3 | _aAn Overview of silicone rubber | |
| 260 |
_bRubber World _c2003 |
||
| 300 | _a31-36 | ||
| 650 | _aSilicone compounding | ||
| 650 | _aSilicone rubber | ||
| 650 | _aSilicone rubber types | ||
| 650 | _aVulcanization | ||
| 942 | _cJS | ||
| 999 |
_c54186 _d54186 |
||